| 000 | 00942nam a22002417a 4500 | ||
|---|---|---|---|
| 005 | 20240530110605.0 | ||
| 008 | 161031s2014 ua a f b 000 0 ara d | ||
| 017 |
_a2014/1839 _bمصر. دار الكتب |
||
| 020 | _a9772329573 | ||
| 040 |
_aEG-CaGPL _cEG-CaGPL |
||
| 082 | 0 | 4 |
_221 _a649.1\ _bر م |
| 100 | 0 | _aرفعت محمود بهجت محمد . | |
| 245 | 1 | 0 |
_aمناهج تربية الطفل : _bبين العوامل الخطرة و افاق العوامل الوقائية / _cرفعت محمود بهجت محمد . |
| 250 | _aط.1 | ||
| 260 |
_aالقاهرة : _bعالم الكتب ، _c2014 . |
||
| 300 |
_a312 ص ؛ _c24 سم . |
||
| 504 | _aببليوجرافية : ص 307 - 312 | ||
| 650 | 0 | 7 |
_2qrmak _aالاطفال _xتربية . |
| 650 | 0 | 7 |
_2qrmak _aادمان المخدرات _xالاطفال |
| 650 | 0 | 7 |
_2qrmak _aالاطفال _xامراض . |
| 942 |
_2ddc _cBK |
||
| 999 |
_c62736 _d62736 |
||